00801nam a2200205 i 4500001000700000003000900007005001700016007000300033008004100036100003200077245007600109250001200185260004200197300002800239505012100267700003100388852003400419999001900453952012300472101414ES-MaACL20230906182911.0t|051018s1957 it ||||1| ita d1 aMazzariol, Giuseppe.97949810aStoria dell'Arte Italiana... / cGiuseppe Mazzariol, Terencio Pignatti. a1ยช ed. aVerona : bArnoldo Mondadori, c1957. a3 v. : bil. ; c25 cm.8 aContiene: V.1.-- Dall'Arte cretese al Duecento. V.2.-- Il Trecento e il Quattrocento. V.3.-- Dal Cinquecento a oggi.1 aPignatti, Terencio.992003 aES-MaACLjC-15730-2 bR.43805 c101414d101414 00104070aATENEOMbATENEOMcFICHd2008-01-17eSCl0oC-15730-2p1105881r2023-02-23 00:00:00w2023-02-23yMONOGRAFIA